| 000 | 01155nam a22002057a 4500 | ||
|---|---|---|---|
| 999 |
_c62524 _d62524 |
||
| 005 | 20241128143932.0 | ||
| 008 | 241128s2019 ru ||||| |||| 00| 0 rus d | ||
| 020 | _a9785001460473X | ||
| 041 | _aruc | ||
| 080 | _a159.955 Д-92 | ||
| 100 |
_aДьюк, Энни _eАвтор _923816 |
||
| 245 |
_aПринцип ставок =Thinking in Bets: _bКак принимать решения в условиях неопределенности / _cЭнни Дьюк, пер. с анг. Екатерина Гаевская |
||
| 264 |
_aМосква: _bМанн, Иванов и Фербер, _c2019. |
||
| 300 |
_a 224 стр:, _b22 см. |
||
| 653 | _aПринцип ставок. Как принимать решения в условиях неопределенности | ||
| 653 | _aფსონების პრინციპი. როგორ მივიღოთ გადაწყვეტილებები გაურკვევლობის პირობებში | ||
| 653 | _aფსიქოლოგია | ||
| 700 |
_a Гаевская, Екатерина _eმთარგმნელი _923817 |
||
| 942 |
_2udc _cBK |
||